书目信息 |
| 题名: |
穿出好运来
|
|
| 作者: | 徐跃之 著 | |
| 分册: | ||
| 出版信息: | 海口 南海出版公司 2002 |
|
| 页数: | 126页 | |
| 开本: | 20cm | |
| 丛书名: | ||
| 单 册: | ||
| 中图分类: | TS941.11 | |
| 科图分类: | ||
| 主题词: | 服装工业 | |
| 电子资源: | ||
| ISBN: | 7-5442-2290-X | |
| 000 | 00675nam0 2200205 450 | |
| 001 | 0756045855 | |
| 005 | 20070720090144.42 | |
| 010 | @a7-5442-2290-X@dCNY18.00 | |
| 100 | @a20070718d2002 km y0chiy0120 ea | |
| 101 | 0 | @achi |
| 102 | @aCN | |
| 200 | 1 | @a穿出好运来@Achuan chu hao yun lai@f徐跃之著@Fxu yue zhi zhu |
| 210 | @a海口@c南海出版公司@d2002 | |
| 215 | @a126页@d20cm | |
| 330 | @a本书以扎实的专业知识帮助读者了解属于他们自己的基因色彩,在生活中如何使用基因色彩去解决自己有关工作、情感、人际关系、健康上的问题并从中受惠。 | |
| 606 | 0 | @a服装工业 |
| 690 | @aTS941.11@v3 | |
| 701 | 0 | @a徐跃之@Axu yue zhi@4著 |
| 801 | 0 | @aCN@bPFT@c20070720 |
| 905 | @a10447@dTS941.11@e58 | |
| 穿出好运来/徐跃之著.-海口:南海出版公司,2002 |
| 126页;20cm |
| ISBN 7-5442-2290-X:CNY18.00 |
| 本书以扎实的专业知识帮助读者了解属于他们自己的基因色彩,在生活中如何使用基因色彩去解决自己有关工作、情感、人际关系、健康上的问题并从中受惠。 |
| ● |
| 相关链接 |
|
|
|
|
正题名:穿出好运来
索取号:TS941.11/58
 
预约/预借
| 序号 | 登录号 | 条形码 | 馆藏地/架位号 | 状态 | 备注 |
| 1 | 0780799 | 207807998 | 第二样本阅览室/ [索取号:TS941.11/58] | 在馆 | |
| 2 | 0780800 | 207808005 | 第三借阅区/ [索取号:TS941.11/58] | 在馆 | |
| 3 | 0780801 | 207808014 | 第三借阅区/ [索取号:TS941.11/58] | 在馆 | |
| 4 | 0780802 | 207808023 | 第三借阅区/ [索取号:TS941.11/58] | 在馆 | |
| 5 | 0780803 | 207808032 | 第三借阅区/ [索取号:TS941.11/58] | 在馆 | |
| 6 | 0780804 | 207808041 | 密集书库/ [索取号:TS941.11/58] | 在馆 | |
| 7 | 0780805 | 207808050 | 密集书库/ [索取号:TS941.11/58] | 在馆 | |
| 8 | 0780806 | 207808069 | 密集书库/ [索取号:TS941.11/58] | 在馆 | |
| 9 | 0780807 | 207808078 | 密集书库/ [索取号:TS941.11/58] | 在馆 | |
| 10 | 0780808 | 207808087 | 密集书库/ [索取号:TS941.11/58] | 在馆 | |
| 11 | 0780809 | 207808096 | 密集书库/ [索取号:TS941.11/58] | 在馆 | |
| 12 | 0780810 | 207808103 | 密集书库/ [索取号:TS941.11/58] | 在馆 | |
| 13 | 0780811 | 207808112 | 密集书库/ [索取号:TS941.11/58] | 在馆 | |
| 14 | 0780812 | 207808121 | 密集书库/ [索取号:TS941.11/58] | 在馆 | |
| 15 | 0780813 | 207808130 | 密集书库/ [索取号:TS941.11/58] | 在馆 |